Between "race" and culture : representations of "the jew" in English and American literature

Saved in:
Bibliographic Details
Other Authors: Cheyette, Bryan
Format: Book
Language:English
Published: Stanford : Stanford University Press, c1996
Series:Stanford studies in Jewish history and culture
Subjects:
Tags: Add Tag
No Tags, Be the first to tag this record!

MARC

LEADER 00000cam a2200000 i 4500
001 1/93471
008 991119s1996 eng d
020 |a 0-8047-2853-4 
035 |l 10054421 
040 |a GR-MY-UA  |b gre  |e aacr 
041 0 |a eng 
082 0 |a 820.935203924 
245 1 0 |a Between "race" and culture :  |b representations of "the jew" in English and American literature /  |c Edited by Bryan Cheyette 
260 |a Stanford :   |b Stanford University Press,   |c c1996 
300 |a 222 p. 
490 1 |a Stanford studies in Jewish history and culture 
504 |a Includes bibliographical references and index 
650 0 0 |a Jews in literature. 
650 0 0 |a Antisemitism in literature. 
650 0 0 |a English literature  |x History and criticism. 
650 0 0 |a American literature  |x History and criticism. 
700 1 |a Cheyette, Bryan. 
830 0 |a Stanford studies in Jewish history and culture 
852 |a INST  |b LESVOS  |e 19991119  |h 820.935203924 BET  |p 005100018996  |q 005100018996  |t BK  |y 0 
901 |a BIBL1-1999-3 
909 |a Λ  |b 069536 
970 |a ΜΟΥΣΤΑΚΑ  |b ΠΗΝΕΛΟΠΗ  |z 1999/11/19